| 000 | 00502nam a22001937a 4500 | ||
|---|---|---|---|
| 005 | 20260407154946.0 | ||
| 008 | 260407b |||||||| |||| 00| 0 eng d | ||
| 020 | _a9789348179487 | ||
| 040 | _cFLL | ||
| 041 | _2eng | ||
| 084 | _aX:977:(Z) R5 | ||
| 100 |
_aBindal, Saurabh _9849356 |
||
| 245 |
_aArbitration and Conciliation _bA Commentary |
||
| 250 | _a2nd | ||
| 260 |
_aLucknow _bEastern book company _c2025 |
||
| 300 |
_aXCVIII,476p _bHb |
||
| 650 |
_aArbitration _9681512 |
||
| 942 |
_2CC _cTB |
||
| 999 |
_c1848055 _d1848055 |
||